Cuarto Congreso Internacional de Mayistas : (Record no. 112721)

MARC details
000 -CABECERA
campo de control de longitud fija 00770nam a2200205 a 4500
005 - FECHA Y HORA DE LA ÚLTIMA TRANSACCIÓN
campo de control 20240224063817.0
008 - ELEMENTOS DE LONGITUD FIJA--INFORMACIÓN GENERAL
campo de control de longitud fija 051007s2003 mx r 000 0 spa d
020 ## - NÚMERO INTERNACIONAL NORMALIZADO PARA LIBROS
Número Internacional Estándar del Libro 9703212840
035 ## - NÚMERO DE CONTROL DEL SISTEMA
Número de control de sistema UPN01000140573
049 ## - COLECCIÓN
Colección CG
050 #4 - SIGNATURA TOPOGRÁFICA DE LA BIBLIOTECA DEL CONGRESO
Número de clasificación F1435
Número de documento/Ítem C6.6 1998
111 2# - ASIENTO PRINCIPAL--NOMBRE DE REUNION
Nombre de congreso/reunión o jurisdicción como elemento de entrada Congreso Internacional de Mayistas
Número del congreso/reunión o número de parte o sección (4o :
Fecha del congreso/reunión 1998 :
Sede del congreso/Lugar de la reunión Antigua, Guatemala)
245 10 - MENCIÓN DE TÍTULO
Título Cuarto Congreso Internacional de Mayistas :
Resto del título memoria : 2 al 5 de agosto de 1998 /
Mención de responsabilidad, etc. ed. Mario Humberto Ruz.
260 ## - PUBLICACIÓN, DISTRIBUCIÓN, ETC.
Lugar de publicación, distribución, etc. México :
Nombre del editor, distribuidor, etc. UNAM, Instituto de Investigaciones Filológicas, Centro de Estudios Mayas,
Fecha de publicación, distribución, etc. 2003.
300 ## - DESCRIPCIÓN FÍSICA
Extensión 674 p. :
Otras características físicas il.
650 #2 - ASIENTO SECUNDARIO DE MATERIA - TERMINO TEMATICO
Término de materia o nombre geográfico como elemento de entrada Mayas
Subdivisión de forma Congresos
9 (RLIN) 2317
650 #4 - ASIENTO SECUNDARIO DE MATERIA - TERMINO TEMATICO
Término de materia o nombre geográfico como elemento de entrada Mayas
Subdivisión general Vida social y costumbres
9 (RLIN) 12451
700 1# - ASIENTO SECUNDARIO--NOMBRE DE PERSONAL
Nombre de persona Ruz, Mario Humberto,
Fechas asociadas al nombre 1952-
Término indicativo de función/relación ed.
9 (RLIN) 38130
905 ## - TIPO DE MATERIAL
Tipo de material Libro
Holdings
Estado de retiro Estado de pérdida Fuente del sistema de clasificación o colocación Estado dañado No para préstamo Código de colección Localización permanente Ubicación/localización actual Ubicación en estantería Total de préstamos Clasificación Código de barras Fecha visto por última vez Número de copia Tipo de ítem Koha
    Library of Congress Classification     Colección General Bib. Gregorio Torres Quintero Bib. Gregorio Torres Quintero Planta baja   F1435 C6.6 1998 230445 31/12/2020 1 Libro